000 00814nam a2200205 a 4500
001 000048578
005 20250210123733.0
008 190401s2018 dr a r 000 0 spa d
020 _a9789945472998
040 _aDO-SdBNP
_bspa
_cBNPHU
082 _axxxx
_bB674p
100 1 _aBogaert García, Huberto,
_d1953-
_91809
245 1 0 _aPercepción y creatividad :
_bun ensayo sobre los fundamentos kinestésicos de la subjetividad /
_cHuberto Bogaert García ; cuidado de edición Fari Rosario.
260 _aSanto Domingo :
_aINTEC,
_c2018.
300 _a212 p. :
_bil. ;
_c23 cm.
500 _aIncluye datos biográficos del autor en la solapa de la cubierta
500 _aIncluye referencias bibliográficas y notas al pie de las páginas
590 _aInventariado, 2019/BT
700 1 _aFari, Rosario,
_eed.
_976028
999 _c48066
_d48066